Statystyki dla Pętle i krańce tramwajowe w Warszawie

Kliknij tutaj aby rozwiązać quiz!

Ogólne statystyki

  • Ten quiz został rozwiązany 297 razy
  • Średni wynik to 19 z 33

Statystyki odpowiedzi

DzielnicaPętla% Poprawnych
BielanyMetro Młociny
80%
BiałołękaAnnopol
77%
Praga PołudnieGocławek
75%
MokotówWyścigi
74%
BemowoNowe Bemowo
72%
OchotaBanacha
71%
Praga PołudnieWiatraczna
71%
Praga PółnocŻerań FSO
71%
BemowoBoernerowo
68%
OchotaPlac Narutowicza
66%
WłochyP+R Aleja Krakowska
66%
BemowoOsiedle Górczewska
63%
Praga PółnocKawęczyńska-Bazylika
61%
WolaCmentarz Wolski
59%
MokotówPKP Służewiec
59%
WolaKoło
58%
ŻoliborzMetro Marymont
57%
MokotówMetro Wilanowska
57%
BielanyPiaski
57%
BiałołękaŻerań Wschodni
57%
MokotówKielecka
56%
BiałołękaNowodwory
55%
Praga PółnocCzynszowa
53%
ŻoliborzMarymont-Potok
53%
BiałołękaTarchomin Kościelny
53%
Praga PółnocDworzec Wschodni (Kijowska)
50%
MokotówMetro Wierzbno
45%
MokotówWoronicza
44%
ŚródmieściePlac Starynkiewicza
43%
Praga PółnocRatuszowa-ZOO
42%
Praga PołudnieAleja Zieleniecka
38%
WolaRondo Daszyńskiego
37%
BielanyTwardowska
26%

Rozkład punktacji

Percentyl według liczby udzielonych odpowiedzi

Procent ludzi z każdym wynikiem

Twoja historia wyników

Nie rozwiązałeś tego quizu